|
|
|
|
| LEADER |
00000nam a2200000 a 4500 |
| 001 |
vtls001177374 |
| 003 |
SK-MaSNL |
| 005 |
20260301154231.0 |
| 008 |
250414s1981 DE 0 slo |
| 015 |
|
|
|a SNBZSA1990
|
| 035 |
|
|
|a SNK000120374
|
| 040 |
|
|
|a SNK
|b slo
|c SNK
|e AACR2
|
| 041 |
0 |
|
|a slo
|
| 044 |
|
|
|a DE
|
| 080 |
|
|
|a 252:282
|2 1981
|
| 080 |
|
|
|a 282
|2 1981
|
| 100 |
1 |
|
|a Hlinka, Anton,
|d 1926-2011
|4 aut
|9 92283
|
| 245 |
1 |
0 |
|a Na cestu
|c Anton Hlinka
|
| 250 |
|
|
|a 1. vyd.
|
| 260 |
|
|
|a Mníchov
|b Anton Hlinka
|c 1981
|e India
|f Sabina Printing Press
|
| 300 |
|
|
|a 212 s.
|c 18 cm
|
| 852 |
|
|
|a Slovenská národná knižnica
|
| 954 |
|
|
|a cirkev katolícka
|a kázne
|
| 958 |
|
|
|a DE
|
| 958 |
|
|
|a TL
|
| 958 |
|
|
|a ZS
|
| 958 |
|
|
|a OND
|
| 999 |
|
|
|c 796089
|d 798019
|
| 952 |
|
|
|a SNK
|b SNK
|y VYP
|7 0
|p 17A0631653
|o snkSD 61801 D1
|i snk2011/16670
|8 1
|0 0
|1 0
|4 0
|d 2011-07-29
|l 0
|r 2026-02-24 01:52:23
|w 2026-02-24
|